000 00547nam a2200205Ia 4500
003 GCL
008 140319s9999 xx 000 0 eng d
040 _aGCL /
_cGCL
082 0 4 _a892.76
_bN B
100 1 _aHENRY,KRSTIN WALKER(TRENS)
245 1 0 _aTHE BEGGAR /
_cHENRY,KRSTIN WALKER(TRENS)
700 1 _aNAGUIB MAHFOUZ
260 _a[S.N] :
_bTHE AMERICAN UNIVERSITY IN CAIRO PRESS ،
_c1989
300 _a124
650 0 4 _aLITERATURE
650 0 4 _aARABIC LITERATURE
650 0 4 _aFICTION
650 0 4 _aNAGUIB MAHFOUZ
942 _2ddc
_cBK
999 _c12702
_d12702